00366nam a2200157Ia 4500008004000000041000800040082001100048100001400059245004100073260003700114300000800151650001400159650001100173650001100184650001300195210210b1931 xxu||||| |||| 00| 0 eng d aeng a544/42 aDEBYE (P) aDipole moment and chemical structure aLondonbBlackie & Son Ltd.c1931 a134 astructure amoment aDipole achemical